[Event "PAB Romania Open 2012"]
[Site "Arad ROU"]
[Date "2012.07.29"]
[Round "3.14"]
[White "Doncea,V"]
[Black "Chircu,V"]
[Result "1-0"]
[WhiteElo "2415"]
[BlackElo "2202"]

1.d4 d5 2.c4 c6 3.Nf3 Nf6 4.g3 dxc4 5.Bg2 Bf5 6.O-O e6 7.Nc3 Nbd7 8.Nh4 Bg4
9.h3 Bh5 10.g4 Bg6 11.Nxg6 hxg6 12.e4 Nb6 13.Be3 Bb4 14.a3 Be7 15.a4 a5 16.Qe2 O-O
17.f4 Bb4 18.Qf2 Nfd7 19.g5 Qe7 20.d5 cxd5 21.exd5 Nxd5 22.Nxd5 exd5 23.Bxd5 Qxe3
24.Qxe3 Bc5 25.Qxc5 Nxc5 26.f5 Kh7 27.Rf4 gxf5 28.Rxf5 Kg6 29.Raf1 f6 30.h4 Ra6
31.Bxc4 Rc6 32.h5+ Kh7 33.Bb5 Rc7 34.Rc1 b6 35.b4 Ne6 36.Rxc7 Nxc7 37.Bd3 Kh8
38.bxa5 bxa5 39.Rxa5 fxg5 40.Rxg5 Rd8 41.Bg6 Nd5 42.a5 Nf4 43.Re5 Nxg6 44.hxg6 Kg8
45.a6 Kf8 46.Ra5 Ra8 47.a7 Ke7 48.Kf2 Kd7 49.Ke3 Kc7 50.Kf4 Kb7 51.Kg5 Kb6
52.Ra1 Kb7 53.Ra2 Kb6 54.Kf5  1-0

[Event "3rd Terre degli Elimi"]
[Site "Erice ITA"]
[Date "2012.07.29"]
[Round "6"]
[White "Sammalvuo,T"]
[Black "Van Veenendaal,Elmer"]
[Result "1-0"]
[WhiteElo "2472"]
[BlackElo "2096"]

1.d4 d5 2.c4 c6 3.Nf3 Nf6 4.Qc2 g6 5.Bf4 Bg7 6.e3 O-O 7.Nc3 Nbd7 8.cxd5 Nxd5
9.Nxd5 cxd5 10.Bc7 Qe8 11.Bb5 f6 12.O-O Qf7 13.Qa4 e5 14.Bd6 Rd8 15.Qa3 e4
16.Bc7 Re8 17.Nd2 Bf8 18.Qa5 Re6 19.Rac1 Bd6 20.Bxd6 Rxd6 21.Nxe4 dxe4 22.Bc4 Re6
23.Qd8+ Nf8 24.Bxe6 Qxe6 25.Rc7 b6 26.d5 Qf5 27.Rfc1  1-0

[Event "TCh-CRC Premier 2012"]
[Site "San Jose CRC"]
[Date "2012.07.29"]
[Round "9.1"]
[White "Alfaro,W"]
[Black "Castro Garcia,Adrian"]
[Result "1-0"]
[WhiteElo "2169"]
[BlackElo "1906"]

1.d4 d5 2.Nf3 Nf6 3.c4 c6 4.Qb3 dxc4 5.Qxc4 Bf5 6.Nc3 Nbd7 7.g3 e6 8.Bg2 Bd6
9.O-O O-O 10.Nh4 Bg6 11.Nxg6 hxg6 12.e4 e5 13.dxe5 Nxe5 14.Qb3 Qb6 15.Be3 Bc5
16.Bxc5 Qxc5 17.Rac1 Nd3 18.Rc2 Qe7 19.Rd2 Rfd8 20.Rfd1 Nc5 21.Qa3 Rxd2 22.Rxd2 Kf8
23.h3 g5 24.Kh2 Ne6 25.e5 Qxa3 26.bxa3 Ne8 27.Ne4 Ke7 28.Rb2 b6 29.Rc2 Rc8
30.Bf1 Rc7 31.Kg2 f5 32.exf6+ gxf6 33.Bc4 N8g7 34.Nc3 f5 35.Re2 Kf6 36.Bb3 Rd7
37.Kf1 Nd4 38.Rd2 Rd6 39.Ne2 Nb5 40.Rxd6+ Nxd6 41.Nd4 c5 42.Nc6 c4 43.Bc2 Nb5
44.Ba4 Nc3 45.Bc2 a5 46.Nb8 b5 47.Nc6 Ne6 48.Ke1 Nxa2 49.Nxa5 Nc3 50.Nc6 Nd5
51.Kd2 Nc5 52.Nd4 c3+  1-0

[Event "TCh-CRC Premier 2012"]
[Site "San Jose CRC"]
[Date "2012.07.29"]
[Round "9.3"]
[White "Jimenez Garcia,Emanuel"]
[Black "Munoz,Ca"]
[Result "1/2-1/2"]
[WhiteElo "2055"]
[BlackElo "1994"]

1.d4 d5 2.c4 c6 3.Nf3 Nf6 4.Qc2 dxc4 5.Qxc4 Bf5 6.Nc3 e6 7.g3 Nbd7 8.Bg2 Nb6
9.Qb3 h6 10.O-O Be7 11.a4 a5 12.Re1 Ne4 13.Nd2 Ng5 14.Nc4 Nxc4 15.Qxc4 O-O
16.e4 Bg4 17.Bxg5 Bxg5 18.h3 Bh5 19.f4 Bf6 20.e5 Be7 21.Be4 Qd7 22.Re3 Rad8
23.Rd3 Bb4 24.Rc1 Qe7 25.Rc2 Rd7 26.Na2 Rfd8 27.Nxb4 Qxb4 28.Qxb4 axb4 29.Rcd2 Bg6
30.Bxg6 fxg6 31.Kf2 c5 32.b3 Rxd4 33.Rxd4 cxd4 34.Kf3 Rc8 35.Rxd4 Rc3+ 36.Kg4 Rxb3
37.Rd7 Ra3 38.Rxb7 Rxa4 39.h4 Kf8 40.h5 gxh5+ 41.Kxh5 Ra3 42.g4 Rh3+ 43.Kg6 Rg3
44.Rb8+  1/2-1/2

[Event "Dutch Open 2012"]
[Site "Dieren NED"]
[Date "2012.07.30"]
[Round "6.11"]
[White "Maris,Iv"]
[Black "Sowray,P"]
[Result "1/2-1/2"]
[WhiteElo "2044"]
[BlackElo "2375"]

1.d4 d5 2.Nf3 Nf6 3.c4 c6 4.g3 dxc4 5.Bg2 Nbd7 6.O-O g6 7.Qc2 Nb6 8.Nbd2 Bg7
9.Rd1 O-O 10.Ne5 Bf5 11.e4 Be6 12.Ndxc4 Nxc4 13.Nxc4 Qc8 14.b3 Bh3 15.Bh1 Rd8
16.Bb2 Qc7 17.Re1 Ng4 18.Rad1 Rac8 19.Qe2 b5 20.Ne3 Nxe3 21.Qxe3 c5 22.e5 cxd4
23.Bxd4 Qd7 24.Qe2 Qf5 25.Be4 Qe6 26.Qxb5 a6 27.Qe2 Bxe5 28.Bxe5 Qxe5 29.Bc2 Qxe2
30.Rxd8+ Rxd8 31.Rxe2 e5 32.f3 f6 33.Kf2 Kf7 34.Be4 Be6 35.Rc2 f5 36.Bb7 a5
37.Ke2 Kf6 38.Rc5 Rb8 39.Ba6 a4 40.bxa4 Rb2+ 41.Kd3 Rxa2 42.a5 Ra3+ 43.Ke2 Ra2+
44.Ke1 e4 45.f4 Ke7 46.Re5 Ra1+ 47.Kf2 Kd6 48.Be2 Ra2 49.Ke3 Bd5 50.a6 Kc5
51.Re7 Ra3+ 52.Kf2 Kd4 53.Rd7 e3+ 54.Ke1 Ra1+ 55.Bd1 Rxa6 56.Bb3 Ra5 57.Ke2 h6
58.Rd6 g5 59.Bxd5 Rxd5 60.Rxh6 gxf4 61.Rh4 Ke5 62.Rxf4 Rd2+ 63.Kxe3 Rxh2
64.Kf3  1/2-1/2

[Event "Tabor Open 2012"]
[Site "Tabor CZE"]
[Date "2012.07.30"]
[Round "3.35"]
[White "Gschwendtner,S"]
[Black "Vesely,Vit"]
[Result "1/2-1/2"]
[WhiteElo "2007"]
[BlackElo "1764"]

1.d4 d5 2.c4 c6 3.Nf3 Nf6 4.g3 e6 5.Bg2 Be7 6.Nbd2 Nbd7 7.b3 O-O 8.Bb2 b6
9.O-O Bb7 10.Rc1 Rc8 11.Re1 c5 12.cxd5 Nxd5 13.a3 N5f6 14.e3 cxd4 15.Nxd4 Bxg2
16.Rxc8 Qxc8 17.Kxg2 Qb7+ 18.Qf3 Qxf3+ 19.Kxf3 Rc8 20.Rc1 Rxc1 21.Bxc1 a6
22.Nc6 Bd6 23.Nc4 Bc7 24.Bb2 Ne8 25.e4 Nd6 26.Nxd6 Bxd6 27.e5 Bc7 28.b4 b5
29.Bd4 Nb6 30.Bxb6 Bxb6 31.Nb8 a5 32.Ke4 axb4 33.axb4 Bxf2 34.Nc6 Kf8 35.Nd4  1/2-1/2

[Event "Politiken Cup 2012"]
[Site "Helsingor DEN"]
[Date "2012.07.31"]
[Round "5.99"]
[White "Molin,C"]
[Black "Kopperberg,Steen"]
[Result "1/2-1/2"]
[WhiteElo "1993"]
[BlackElo "1795"]

1.Nf3 d5 2.d4 c6 3.c4 dxc4 4.e4 Nf6 5.Nc3 e6 6.Bxc4 b5 7.Bd3 Bb7 8.O-O Nbd7
9.e5 Nd5 10.Nxd5 exd5 11.e6 Nf6 12.Ng5 fxe6 13.Nxe6 Qd6 14.Re1 Kf7 15.Ng5+ Kg8
16.Qf3 Bc8 17.Bf4 Qd8 18.Be5 h6 19.Nh3 Bxh3 20.Qxh3 Bd6 21.Bxf6 Qxf6 22.Re6 Qf4
23.Rae1 Rf8 24.Rf1 h5 25.Bg6 Rh6 26.g3 Qg5 27.f4 Bxf4 28.Rxf4 Rxg6 29.Rxf8+ Kxf8
30.Re5 Qg4 31.Qxh5 Qxd4+ 32.Kg2 Qd2+ 33.Kg1 Qd4+ 34.Kg2 Qd2+ 35.Kg1 Qd4+
36.Kg2 Qd2+  1/2-1/2

[Event "Dutch Open 2012"]
[Site "Dieren NED"]
[Date "2012.08.01"]
[Round "8.6"]
[White "Maatman,Nick"]
[Black "Zwirs,Nico"]
[Result "0-1"]
[WhiteElo "2123"]
[BlackElo "2173"]

1.d4 d5 2.c4 c6 3.Nf3 Nf6 4.g3 dxc4 5.Bg2 Nbd7 6.O-O Nb6 7.Qc2 Bg4 8.Rd1 e6
9.Ne5 Bf5 10.e4 Bg6 11.a4 a5 12.Na3 Be7 13.h3 Nfd5 14.Naxc4 Nb4 15.Qe2 Nxc4
16.Qxc4 O-O 17.Be3 Qc8 18.Rac1 Kh8 19.Qe2 Qe8 20.Nxg6+ hxg6 21.h4 Kg8 22.h5 gxh5
23.Qxh5 Bf6 24.Bf3 g6 25.Qh3 Bg7 26.Kg2 f5 27.Be2 fxe4 28.Bh6 Qf7 29.Rf1 Nd5
30.Rce1 Bxh6 31.Qxh6 Qg7 32.Qxg7+ Kxg7 33.Bc4 Nf6 34.Bxe6 Rad8 35.Rd1 Rd6
36.Bb3 Rfd8 37.Rfe1 Rxd4 38.Kf1 Rxd1 39.Rxd1 Rxd1+ 40.Bxd1 Kf7 41.Ke2 Ke6
42.Kd2 Ke5 43.Kc3 Nd5+ 44.Kc4 b6 45.Be2 g5 46.Bd1 Nb4 47.Be2 Nd3 48.Bxd3 b5+
49.Kc3 b4+ 50.Kd2 exd3 51.f3 Kd4 52.f4 gxf4 53.gxf4 Ke4 54.f5 Kxf5 55.Kxd3 Ke5
56.Kc4 Ke4 57.Kc5 Kd3 58.Kb6 Kc2 59.Kxa5 b3 60.Kb6 Kxb2 61.a5 Kc3 62.a6 b2
63.a7 b1=Q+ 64.Kxc6 Qh1+  0-1

[Event "10th EU U14 2012"]
[Site "Mureck AUT"]
[Date "2012.08.01"]
[Round "1.5"]
[White "Petr,Ja2"]
[Black "Suta,Andraz"]
[Result "1-0"]
[WhiteElo "2001"]
[BlackElo "1713"]

1.d4 d5 2.c4 c6 3.Nf3 Nf6 4.g3 e6 5.Bg2 Nbd7 6.O-O Be7 7.b3 O-O 8.Nbd2 b6
9.Bb2 Bb7 10.Rc1 c5 11.cxd5 Bxd5 12.e3 Rc8 13.Qe2 cxd4 14.Nxd4 Rxc1 15.Rxc1 Bxg2
16.Kxg2 Qa8+ 17.Qf3 Ne5 18.Qxa8 Rxa8 19.Nf5 Bb4 20.Bxe5 Bxd2 21.Ne7+ Kf8
22.Rc8+ Rxc8 23.Nxc8 Nd7 24.Bd6+ Ke8 25.Nxa7 Nf6 26.Be5 Kd7 27.Kf3 Ne8 28.Ke2 Bb4
29.Kd3 f6 30.Bd4 Kc7 31.Kc4 Be1 32.Nb5+ Kc6 33.e4 f5 34.e5 g5 35.f3 h5 36.Be3 h4
37.gxh4 gxh4 38.Nd4+ Kd7 39.Nc2 f4 40.Bxf4 Bf2 41.Be3 Bxe3 42.Nxe3 Ng7 43.Kb5 Kc7
44.h3 Kb7 45.a4 Kc7 46.b4 Kb7 47.f4 Kc7 48.a5 bxa5 49.bxa5 Kb7 50.a6+ Ka7
51.Ka5 Ne8 52.f5 exf5 53.Nxf5 Nc7 54.Nxh4 Nxa6 55.Nf5 Nc7 56.Nd6 Nd5 57.Kb5 Ne7
58.h4 Kb8 59.Kb6 Ng6 60.e6  1-0

[Event "10th EU U14 2012"]
[Site "Mureck AUT"]
[Date "2012.08.02"]
[Round "2.2"]
[White "Bilchinski,Anton"]
[Black "Peczely,S"]
[Result "0-1"]
[WhiteElo "1869"]
[BlackElo "2045"]

1.d4 d5 2.c4 dxc4 3.Nf3 c6 4.a4 Be6 5.e4 Nf6 6.Nc3 Na6 7.Ne5 g6 8.Bxc4 Bxc4
9.Nxc4 Bg7 10.O-O O-O 11.Be3 Nb4 12.f3 Ne8 13.Qb3 a5 14.Rfd1 Nd6 15.Rac1 Rb8
16.Ne5 e6 17.Na2 Na6 18.Bf4 Rc8 19.Qa3 Ne8 20.Rc2 Nf6 21.Nc4 Nh5 22.Bd6 Re8
23.e5 Bh6 24.Qc3 Nf4 25.Qxa5 Qg5 26.Qe1 Nd5 27.a5 c5 28.dxc5 Nxc5 29.Nb4 Nf4
30.Qg3 Qh5 31.Qg4 Qxg4 32.fxg4 Ne4 33.Rd4 Nc5 34.Nb6 Nb3 35.Rxc8 Rxc8 36.Nxc8 Ne2+
37.Kf2 Nexd4 38.a6 bxa6 39.Nxa6 Nc1 40.Nc5 Nc2 41.Ne7+ Kg7 42.Nc6 Be3+ 43.Kf3 Bg1
44.b4 Ne1+ 45.Ke4 Ne2 46.Na4 Nc1 47.b5 Nb3 48.b6 Nd2+ 49.Kf4 Nd3+ 50.Kg5 Be3+
51.Kh4 g5+ 52.Kh3 Nf4+ 53.Kg3 Ne2+ 54.Kh3 Ng1+  0-1

[Event "CECLUB 1st Div GpA 2012"]
[Site "Don Benito ESP"]
[Date "2012.08.03"]
[Round "5"]
[White "Gual Pascual,A"]
[Black "Coll Ortega,J"]
[Result "1-0"]
[WhiteElo "2459"]
[BlackElo "2293"]

1.d4 d5 2.c4 c6 3.Nf3 Nf6 4.Nbd2 Bf5 5.Nh4 Be6 6.e3 g6 7.Bd3 Bg7 8.O-O O-O
9.Rb1 dxc4 10.Bxc4 Bxc4 11.Nxc4 Qd5 12.Qc2 b5 13.Na5 Qxa2 14.Bd2 Qd5 15.Nf3 Ne4
16.Rfc1 Rc8 17.b4 e5 18.Bc3 Nd7 19.Ba1 exd4 20.Nxd4 c5 21.Nxb5 Bxa1 22.Rxa1 cxb4
23.Nc7 Qe5 24.f4 Rxc7 25.Qxc7 Qxc7 26.Rxc7 Ndc5 27.Nb7 Nd3 28.Rd7 Nef2 29.Na5 Re8
30.Nc4 Nc5 31.Rdxa7 Nfd3 32.Ra8 Kf8 33.Kf1 b3 34.Rxe8+ Kxe8 35.Rb1 Kd7 36.Ke2 Nb4
37.Na5 Nd5 38.Kd2 Ke6 39.Nxb3 Ne4+ 40.Kd3 Nf2+ 41.Kd4 Ne7 42.Nc5+ Kf5 43.h3 Nc6+
44.Kd5 Ne7+ 45.Kd6 Ng8 46.Rb8 Nf6 47.g4+ N6xg4 48.hxg4+ Nxg4 49.Rb7 Nxe3
50.Rxf7+ Kg4 51.Rxh7 Kxf4 52.Rf7+ Kg4 53.Nd3 g5 54.Ne5+ Kh4 55.Kc5 g4 56.Kd4 Ng2
57.Rg7 g3 58.Nf3+ Kh3 59.Ng1+ Kh2 60.Ne2  1-0

[Event "Politiken Cup 2012"]
[Site "Helsingor DEN"]
[Date "2012.08.03"]
[Round "8.91"]
[White "Skou,N"]
[Black "Maagaard,David Bille"]
[Result "1-0"]
[WhiteElo "2150"]
[BlackElo "1843"]

1.d4 d5 2.c4 c6 3.Qc2 Nf6 4.Nf3 Nbd7 5.Bf4 e6 6.h3 Bb4+ 7.Nbd2 Ne4 8.a3 Nxd2
9.Nxd2 Ba5 10.e4 Qf6 11.Be3 Bxd2+ 12.Kxd2 dxe4 13.Qxe4 Qg6 14.Qxg6 hxg6 15.Be2 Nf6
16.Bf3 Bd7 17.b4 b6 18.g4 O-O 19.a4 Rfd8 20.Kc3 Rac8 21.Ra2 Be8 22.Rd1 a6
23.Bf4 b5 24.g5 Nh5 25.Bh2 f6 26.h4 Bf7 27.axb5 axb5 28.Ra6 Be8 29.Rda1 c5
30.dxc5 e5 31.Ra8 bxc4 32.Rxc8 Rxc8 33.Kxc4 Bf7+ 34.Bd5 Bxd5+ 35.Kxd5 Rd8+
36.Ke6 Rd4 37.c6 Rxb4 38.c7 Rb6+ 39.Kd7 fxg5 40.hxg5 Rb7 41.Kc6 Rxc7+ 42.Kxc7 e4
43.Kd6 Kh7 44.Ke7 Kg8 45.Ra4 Kh7 46.Rxe4 Kg8 47.Re6 Kh7 48.Be5 Kg8 49.Rxg6 Kh7
50.Kf7 Nf6 51.Bxf6 gxf6 52.Rh6+  1-0

[Event "Politiken Cup 2012"]
[Site "Helsingor DEN"]
[Date "2012.08.04"]
[Round "9.119"]
[White "Lie,T"]
[Black "Kopperberg,Steen"]
[Result "0-1"]
[WhiteElo "1626"]
[BlackElo "1795"]

1.d4 d5 2.c4 c6 3.Nf3 dxc4 4.a4 Bf5 5.Nc3 Nf6 6.e3 e6 7.Bxc4 Bb4 8.Bd2 Qb6
9.O-O Ne4 10.Nxe4 Bxe4 11.Ne5 Bxd2 12.Qxd2 O-O 13.a5 Qd8 14.f3 Bg6 15.Rfd1 Nd7
16.Nxg6 hxg6 17.b4 a6 18.Ra3 Nf6 19.Rd3 Qe7 20.e4 Rfe8 21.d5 exd5 22.exd5 cxd5
23.Bxd5 Nxd5 24.Rxd5 Qf6 25.Qd4 Re7 26.Qxf6 gxf6 27.Kf2 Kg7 28.R1d4 Rc8 29.b5 Rc2+
30.Rd2 Rxd2+ 31.Rxd2 axb5 32.Rb2 Re5 33.Rb4 f5 34.h4 Kf6 35.f4 Rc5 36.Ke3 Ke6
37.Kd4 Kd6 38.g3 Kc6 39.Kd3 Rd5+ 40.Kc2 Kc5 41.Rb3 b4 42.Re3 Kb5 43.Re7 Rc5+
44.Kb2 Rc3 45.Rxb7+ Kxa5 46.Rxf7 Rxg3 47.h5 Ka4 48.hxg6 Rxg6 49.Rxf5 Rg2+
50.Kb1 Kb3 51.Rc5 Rg1+ 52.Rc1 Rxc1+ 53.Kxc1 Ka2 54.f5 b3 55.f6 b2+  0-1

[Event "Politiken Cup 2012"]
[Site "Helsingor DEN"]
[Date "2012.08.05"]
[Round "10.44"]
[White "Franzen,Per-Erik"]
[Black "Rostgaard,T"]
[Result "0-1"]
[WhiteElo "2043"]
[BlackElo "2246"]

1.d4 d5 2.Nf3 Nf6 3.c4 c6 4.Qc2 g6 5.e3 Bg7 6.Bd3 O-O 7.O-O dxc4 8.Qxc4 Nbd7
9.Nc3 Qc7 10.Bd2 e5 11.Nxe5 Nxe5 12.dxe5 Qxe5 13.Be2 Be6 14.Qh4 Rfd8 15.Rfd1 b5
16.Bf3 Rac8 17.Ne2 g5 18.Qb4 g4 19.Bc3 Rxd1+ 20.Rxd1 Qc7 21.Bxc6 Qxc6 22.Nd4 Qc5
23.Nxb5 Qxb4 24.Bxb4 h5 25.Nxa7 Ra8 26.Nc6 Rxa2 27.Ba3 Bf8 28.Nb4 Bxb4 29.Bxb4 Nd5
30.Ba3 Nb6 31.h3 gxh3 32.gxh3 Bxh3 33.Rd4 Be6 34.f3 Nc4 35.Rh4 Nxa3 36.bxa3 Rxa3
37.Rxh5 Rxe3 38.Kf2 Ra3 39.Kg3 Kg7 40.Rc5 Kg6 41.Kf4 Kf6 42.Rb5 Ra4+ 43.Kg3 Rd4
44.Ra5 Rd8 45.Ra4 Kg5 46.Ra6 Rd3 47.Ra5+ Bd5  0-1

[Event "2nd Riga Tech Open"]
[Site "Riga LAT"]
[Date "2012.08.06"]
[Round "1.1"]
[White "Fridman,D"]
[Black "Osis,R"]
[Result "1-0"]
[WhiteElo "2653"]
[BlackElo "2163"]

1.d4 d5 2.Nf3 Nf6 3.c4 c6 4.Qb3 Qb6 5.Nc3 Qxb3 6.axb3 Bf5 7.c5 Na6 8.e4 Nb4
9.Ra4 dxe4 10.Rxb4 exf3 11.Rxb7 e5 12.Be3 Nd7 13.Na4 Be7 14.gxf3 Bf6 15.d5 cxd5
16.c6 Nb6 17.Bb5 O-O 18.Bc5 Rfc8 19.c7 Nxa4 20.Bxa4 a6 21.Bc6  1-0

[Event "Miguel Najdorf Open A"]
[Site "Warsaw POL"]
[Date "2012.08.06"]
[Round "1.21"]
[White "Krasiewicz,R"]
[Black "Lewtak,Da"]
[Result "1/2-1/2"]
[WhiteElo "2037"]
[BlackElo "2269"]

1.d4 d5 2.c4 c6 3.Nf3 Nf6 4.Qc2 dxc4 5.Qxc4 Bf5 6.Bg5 Nbd7 7.Nbd2 Qc7 8.e3 e6
9.Be2 Bd6 10.O-O O-O 11.Rfd1 Rfe8 12.Rac1 Rac8 13.Bh4 e5 14.Bxf6 Nxf6 15.dxe5 Bxe5
16.Nxe5 Qxe5 17.Qb3 Qe7 18.Nf3 c5 19.Nd2 Red8 20.f3 Bd3 21.Kf2 Bxe2 22.Kxe2 Qe5
23.Nf1 b6 24.Qc3 Qe6 25.Qc4 Nd5 26.Rd2 Nc7 27.Rxd8+ Rxd8 28.Qxe6 fxe6 29.Nd2 Kf7  1/2-1/2

[Event "10th EU U14 2012"]
[Site "Mureck AUT"]
[Date "2012.08.07"]
[Round "7.5"]
[White "Stefanov,Emil"]
[Black "Arztmann,Nils"]
[Result "1-0"]
[WhiteElo "1823"]
[BlackElo "1897"]

1.d4 d5 2.c4 c6 3.Nf3 Nf6 4.Qc2 a6 5.g3 e6 6.Bg2 Be7 7.O-O O-O 8.Nbd2 Nbd7
9.e4 dxe4 10.Nxe4 Nxe4 11.Qxe4 Nf6 12.Qe2 c5 13.Rd1 cxd4 14.Nxd4 Qb6 15.Be3 Bc5
16.Rd2 Bd7 17.Rad1 Rac8 18.Bg5 Be7 19.Nf5 Bb4 20.Bxf6 Bxd2 21.Qg4 g6 22.Ne7+  1-0

[Event "16th HZ Open"]
[Site "Vlissingen NED"]
[Date "2012.08.07"]
[Round "5"]
[White "Helbig,M"]
[Black "Van der Borgt,P"]
[Result "1-0"]
[WhiteElo "2325"]
[BlackElo "2049"]

1.d4 d5 2.c4 c6 3.Nf3 dxc4 4.a4 e6 5.Nc3 Bb4 6.e3 b5 7.Bd2 a5 8.axb5 Bxc3
9.Bxc3 cxb5 10.b3 Bb7 11.d5 Nf6 12.bxc4 b4 13.Bxf6 Qxf6 14.Qa4+ Nd7 15.Nd4 e5
16.Nb3 e4 17.Nd4 Qd6 18.Be2 O-O 19.O-O Rfd8 20.Rfd1 Qb6 21.Nb3 Nc5 22.Nxc5 Qxc5
23.Rd4 f5 24.Bd1 Rd6 25.g3 g5 26.h3 Kg7 27.Qc2 Bc8 28.Qb2 Kg8 29.Ba4 Ra7
30.Bb5 Bd7 31.Bxd7 Rdxd7 32.Ra4 Rd6 33.g4 fxg4 34.Rxe4 gxh3 35.Re8+ Kf7 36.Qh8 Kg6
37.Rc8 Rc7 38.Qe8+ Kh6 39.Qf8+ Kh5 40.Qf3+ Kh6 41.Rg8 h2+ 42.Kxh2 Rg7 43.Qf8 Qc7
44.Rxg7 Qxg7 45.Qxd6+ Kh5 46.Rxa5 b3 47.Rb5 b2 48.Qb8  1-0

[Event "FSIMB August 2012"]
[Site "Budapest HUN"]
[Date "2012.08.08"]
[Round "5.4"]
[White "Nguyen Huynh Minh Huy"]
[Black "Kahn,E"]
[Result "1-0"]
[WhiteElo "2441"]
[BlackElo "2261"]

1.d4 d5 2.c4 c6 3.Nf3 dxc4 4.e3 Bg4 5.Bxc4 e6 6.Nc3 Nf6 7.h3 Bh5 8.g4 Bg6
9.Ne5 Nbd7 10.Nxg6 hxg6 11.Bd2 Bd6 12.Qe2 b5 13.Bd3 a6 14.Ne4 Qe7 15.Rc1 c5
16.Qf3 O-O 17.dxc5 Nxc5 18.Nxc5 Bxc5 19.a3 Rad8 20.Bb1 Rd7 21.Ke2 Qd6 22.Ba5 Nd5
23.Rhd1 b4 24.a4 Bb6 25.Bxb6 Qxb6 26.Be4 Rfd8 27.Bxd5 Rxd5 28.Rxd5 Rxd5 29.Rc8+ Rd8
30.Qc6 Qxc6 31.Rxc6 a5 32.Rc5 Ra8 33.Kd3 Rd8+ 34.Kc2 Ra8 35.Kb3 Kf8 36.Kc4 Ke7
37.Rc7+ Kd6 38.Rxf7 Rc8+ 39.Kd3 Rh8 40.Ra7 Rxh3 41.Rxa5 Rh4 42.Rg5 Ke7 43.Rxg6 Kf7
44.Rg5 Kf6 45.Rc5 Rxg4 46.Rc4 Rg2 47.Rxb4 Rxf2 48.Rf4+  1-0

[Event "10th EU U14 2012"]
[Site "Mureck AUT"]
[Date "2012.08.09"]
[Round "9.4"]
[White "Stefanov,Emil"]
[Black "Plenca,Jadranko"]
[Result "1-0"]
[WhiteElo "1823"]
[BlackElo "2061"]

1.d4 d5 2.c4 c6 3.Nf3 Nf6 4.Qc2 a6 5.g3 e6 6.Bg2 Be7 7.O-O Nbd7 8.Nbd2 b6
9.e4 dxe4 10.Nxe4 Bb7 11.Bf4 O-O 12.Nd6 Bxd6 13.Bxd6 Re8 14.Ne5 Rc8 15.Rad1 Nf8
16.c5 b5 17.Rfe1 Nd5 18.Be4 g6 19.Bxd5 cxd5 20.Qd2 Nd7 21.Nxd7 Qxd7 22.Be5 Qe7
23.Qf4 f5 24.h4 Bc6 25.Bd6 Qf6 26.Be5 Qe7 27.Qh6 Qf7 28.Kg2 Red8 29.Rh1 Be8
30.f3 Rd7 31.Rdf1 Rc6 32.g4 Qf8 33.Qg5 h6 34.Qe3 Kh7 35.Bd6 Qg8 36.Re1 Bf7
37.Kf2 Rc8 38.Qa3 Ra7 39.Qd3 Be8 40.gxf5 exf5 41.Re5 Bf7 42.Rg1 Qd8 43.Rh1 Qg8
44.Ree1 h5 45.Re5 Re8 46.Rhe1 Rxe5 47.Rxe5 Qd8 48.Kg3 f4+ 49.Kh3 Kg8 50.Rg5 Qf6
51.Be5 Qe6+ 52.Kg2 Be8 53.Bxf4 Qf7 54.Bd6 Qe6 55.Re5 Qf6 56.Rxe8+  1-0

[Event "16th Izmailov Mem"]
[Site "Tomsk RUS"]
[Date "2012.08.09"]
[Round "3.14"]
[White "Beloshapkin,K"]
[Black "Bochkarev,Alexey"]
[Result "1/2-1/2"]
[WhiteElo "2025"]
[BlackElo "2421"]

1.d4 d5 2.c4 c6 3.Qc2 Nf6 4.Nf3 e6 5.Nc3 Nbd7 6.cxd5 exd5 7.Bg5 Be7 8.e3 O-O
9.Bd3 h6 10.Bh4 Re8 11.O-O Ne4 12.Bxe7 Qxe7 13.Rab1 a5 14.a3 Ng5 15.Nxg5 Qxg5
16.Ne2 Nf6 17.b4 axb4 18.axb4 Bd7 19.b5 Ra3 20.bxc6 bxc6 21.Rb3 Rxb3 22.Qxb3 Ng4
23.h3 Nf6 24.Kh2 Ne4 25.Qb7 Qd8 26.Bxe4 Rxe4 27.Ra1 Be8 28.Ra8 Qd6+ 29.Ng3 Re7
30.Qb1 g6 31.Kg1 Kg7 32.Ne2 Bd7 33.Nf4 Re8 34.Rxe8 Bxe8 35.Nd3 Qc7 36.Qb4 f6
37.Qc5 Kf7 38.Nf4 Qd7 39.Qc2 Kg7 40.Qc5 Kf7 41.Nd3 Qb7 42.Qc2 Qe7 43.Nc5 Qa7
44.Qe2 Bd7 45.Qf3 Qc7 46.h4 h5 47.Qd1 Bf5 48.Qa4 Kg7 49.Qa8 Bc8 50.Qa3  1/2-1/2

[Event "16th HZ Open"]
[Site "Vlissingen NED"]
[Date "2012.08.09"]
[Round "7"]
[White "Tiggelman,R"]
[Black "Roorda,T"]
[Result "1/2-1/2"]
[WhiteElo "2238"]
[BlackElo "2061"]

1.Nf3 Nf6 2.c4 c6 3.d4 d5 4.Qc2 dxc4 5.Qxc4 Bf5 6.g3 e6 7.Bg2 Nbd7 8.O-O Be7
9.Nc3 O-O 10.Qb3 Qb6 11.Re1 Ne4 12.Nh4 Bxh4 13.gxh4 Ndf6 14.Qxb6 axb6 15.f3 Nxc3
16.bxc3 Bc2 17.Bb2 Nd5 18.Rec1 Ne3 19.Kf2 Nxg2 20.Kxg2 Bg6 21.c4 Ra5 22.Kf2 Rfa8
23.a3 h6 24.e4 b5 25.c5 Ra4 26.Ke3 f6 27.Rg1 Kf7 28.Rg2 Bh5 29.Rgg1 R8a6
30.f4 g6 31.f5 gxf5 32.exf5 exf5 33.Kf4 b4 34.Rg3 bxa3 35.Raxa3 Rxa3 36.Rxa3 Rxa3  1/2-1/2

[Event "FSGM August 2012"]
[Site "Budapest HUN"]
[Date "2012.08.10"]
[Round "6.3"]
[White "Arngrimsson,D"]
[Black "Varga,Zo"]
[Result "1-0"]
[WhiteElo "2375"]
[BlackElo "2476"]

1.d4 d5 2.c4 c6 3.Nf3 dxc4 4.e3 Be6 5.Nc3 Nf6 6.Ng5 Qc8 7.e4 h6 8.Nf3 Nbd7
9.Bf4 Nb6 10.a4 a5 11.d5 Bg4 12.Qd4 Bxf3 13.gxf3 Ra6 14.dxc6 bxc6 15.Nb5 cxb5
16.axb5 Ra8 17.Qxb6 e5 18.Bd2 Bb4 19.Bxb4 axb4 20.Rxa8 Qxa8 21.Qa6 Ke7 22.Bxc4 Nxe4
23.Be2 Nc5 24.Qxa8 Rxa8 25.Kd2 Nb3+ 26.Ke3 Rb8 27.Bc4 Nd4 28.Ke4 Kd6 29.Bxf7 Rf8
30.f4 Rxf7 31.fxe5+ Kc5 32.Rc1+ Kxb5 33.Kxd4 Rxf2 34.e6 Rd2+ 35.Ke5 Rxb2
36.e7 Re2+ 37.Kd6 Rd2+ 38.Ke6 Re2+ 39.Kf7 Rf2+ 40.Kxg7 Re2 41.Kf7 Rf2+ 42.Ke6 Re2+
43.Kd7 Rd2+ 44.Kc8 Re2 45.Rc7 b3 46.Kd8 Rd2+ 47.Rd7 Rxd7+ 48.Kxd7  1-0

[Event "XIII Miquel Mas Open"]
[Site "Figueres ESP"]
[Date "2012.08.10"]
[Round "2.4"]
[White "Mirzoev,A"]
[Black "Ladron de Guevara Pinto,P"]
[Result "1-0"]
[WhiteElo "2545"]
[BlackElo "2370"]

1.d4 d5 2.Nf3 c6 3.c4 Nf6 4.Qc2 dxc4 5.Qxc4 Bf5 6.g3 e6 7.Bg2 Be7 8.O-O O-O
9.Nc3 Nbd7 10.Qb3 Nb6 11.a4 a5 12.Rd1 h6 13.Ne5 Bb4 14.e4 Bh7 15.f3 Re8 16.Be3 Bd6
17.Rac1 Bc7 18.Bf2 Qb8 19.Nd3 h5 20.d5 Nbd7 21.dxc6 bxc6 22.Qxb8 Raxb8 23.h4 Rec8
24.Rc2 Bg6 25.Ne2 Bb6 26.Bxb6 Nxb6 27.Nc5 Nfd5 28.Kf2 Nb4 29.Rc3 Rd8 30.Rxd8+ Rxd8
31.Ke1 e5 32.Bh3 f6 33.Be6+ Bf7 34.Bxf7+ Kxf7 35.Nc1 Ra8 36.Ke2 Ke7 37.N1b3 Ra7
38.Rc1 Na2 39.Ra1 Nb4 40.Nd3 Nxd3 41.Kxd3 Kd6 42.Kc3 c5 43.Nd2 Kc6 44.b3 Rd7
45.Rg1 f5 46.Re1 fxe4 47.fxe4 Rf7 48.Re3 Rf2 49.Nf3 Kd6 50.Rd3+ Ke6 51.Nd2 Nc8
52.Nc4 Rg2 53.Rd5 Rxg3+ 54.Kb2 Rg2+ 55.Ka3 Rg4 56.Rxe5+ Kf6 57.Rf5+ Ke6 58.Rxh5 Rxe4
59.Rxc5 Ne7 60.h5 Rh4 61.Re5+ Kf6 62.Rxa5 Nf5 63.Ra6+ Ke7 64.a5 Rxh5 65.Rb6 g5
66.a6 Rh8 67.a7  1-0

[Event "II Brazil Maringa Open"]
[Site "Maringa BRA"]
[Date "2012.08.10"]
[Round "5.31"]
[White "Dias,Ande"]
[Black "Gamarra,R"]
[Result "1-0"]
[WhiteElo "2243"]
[BlackElo "1957"]

1.d4 d5 2.c4 c6 3.Nf3 Nf6 4.Qc2 g6 5.Bf4 Bg7 6.e3 O-O 7.Nc3 a6 8.cxd5 cxd5
9.h3 Nc6 10.Be2 Bf5 11.Qb3 Na5 12.Qb4 Rc8 13.O-O Ne4 14.Rfc1 Nxc3 15.Rxc3 Rxc3
16.Qxc3 Nc6 17.Qb3 Bc8 18.Rc1 Qd7 19.Qb6 f6 20.Bg3 e5 21.Bxa6  1-0

[Event "II Brazil Maringa Open"]
[Site "Maringa BRA"]
[Date "2012.08.10"]
[Round "5.6"]
[White "Abdalla,L"]
[Black "Marques,Joa"]
[Result "1/2-1/2"]
[WhiteElo "2338"]
[BlackElo "2205"]

1.d4 d5 2.c4 dxc4 3.Nf3 c6 4.e4 b5 5.a4 e6 6.b3 Nf6 7.e5 Ne4 8.bxc4 Bb4+
9.Nbd2 bxc4 10.Bxc4 c5 11.O-O Nxd2 12.Bxd2 Bxd2 13.Qxd2 cxd4 14.Bb5+ Bd7
15.Qxd4 Bxb5 16.Qxd8+ Kxd8 17.axb5 Nd7 18.Ra6 Ke7 19.Rfa1 Rhb8 20.Nd4 Nxe5
21.f4 Nc4 22.Nc6+ Kf6 23.Nxb8 Rxb8 24.Rc1 Ne3 25.Rxa7 Rxb5 26.Rcc7 Rb1+ 27.Kf2 Ng4+
28.Kg3 Nh6 29.Kh3 Rb5 30.g3 Rd5 31.Ra2 Nf5 32.Kg2 Rb5 33.Raa7 Nh6 34.g4 Kg6
35.g5 Rb2+ 36.Kf3 Rb3+ 37.Ke2 Rb2+ 38.Kd3 Nf5 39.Rxf7 Rb4 40.Rxf5  1/2-1/2

[Event "Stare Mesto Open 2012"]
[Site "Stare Mesto CZE"]
[Date "2012.08.10"]
[Round "1.7"]
[White "Lechtynsky,J"]
[Black "Burda,J"]
[Result "1-0"]
[WhiteElo "2379"]
[BlackElo "1901"]

1.d4 Nf6 2.Nf3 d5 3.c4 c6 4.Qc2 a6 5.Nbd2 b5 6.b3 g6 7.e3 Bf5 8.Bd3 Bxd3
9.Qxd3 Bg7 10.O-O O-O 11.Bb2 Nbd7 12.Rfc1 Qb6 13.Rc2 Rfd8 14.cxd5 Nxd5 15.a3 c5
16.Ne4 cxd4 17.Nxd4 Ne5 18.Qe2 f5 19.Ng5 Rd6 20.Rac1 h6 21.Rc8+ Rxc8 22.Rxc8+ Bf8
23.Nh7 Kxh7 24.Rxf8 Nd7 25.Rc8 e5 26.Nf3 Rc6 27.Rxc6 Qxc6 28.Qd2 Qe6 29.Nxe5 N7f6
30.h3 Qc8 31.Qd4 Qc7 32.g3 h5 33.Nd3 Qc2 34.Nf4 Qxb3 35.Nxd5  1-0

[Event "XIII Miquel Mas Open"]
[Site "Figueres ESP"]
[Date "2012.08.12"]
[Round "4.2"]
[White "Mirzoev,A"]
[Black "Vishnu,P"]
[Result "1/2-1/2"]
[WhiteElo "2545"]
[BlackElo "2435"]

1.d4 d5 2.c4 c6 3.Nf3 Nf6 4.Qc2 dxc4 5.Qxc4 Bg4 6.Nbd2 Nbd7 7.g3 e6 8.Bg2 Be7
9.O-O Bh5 10.Qb3 Qb6 11.Nc4 Qa6 12.Bd2 O-O 13.Rfc1 Rac8 14.a4 Rfd8 15.Ba5 Re8
16.Be1 Bf8 17.e3 c5 18.Qb5 cxd4 19.Nxd4 Nc5 20.Qxa6 bxa6 21.Na5 Rb8 22.Bc3 Nfe4
23.Nac6 Nxc3 24.Nxb8 Ne2+ 25.Nxe2 Bxe2 26.Re1 Nb3 27.Rxe2 Nxa1 28.Nc6 Nb3
29.Rc2 g6 30.h4 Kg7 31.Nxa7 Nc5 32.b4 Nd3 33.b5 axb5 34.axb5 Rb8 35.Rc7 Bc5
36.Nc6 Rxb5 37.Bf1 Rb1 38.Nd8 Kf8 39.Rxf7+ Ke8 40.Rb7 Rxf1+ 41.Kxf1 Kxd8
42.Rxh7 Ke8 43.Ke2 Ne5 44.h5 gxh5 45.Rxh5 Bd6 46.Rh7 Ng4 47.Rg7 Nf6 48.Rb7 e5
49.f4 e4 50.Rb5 Kf7 51.Rf5 Ke6 52.Rg5 Nd5 53.Kf2 Bc7 54.g4 Bb6 55.Ke2 Kd6
56.Rg6+ Kd7 57.Rg7+ Kd6 58.Rg5 Nc3+ 59.Kd2 Nd5 60.Rg6+ Kc7 61.Ke2 Nc3+ 62.Kd2 Nd5
63.Ke2 Nc3+ 64.Kd2 Nd5 65.Ke2  1/2-1/2